Statistics for Данашње државе које су биле у саставу Аустроугарске

Click here to take the quiz!

General Stats

  • This quiz has been taken 498 times
  • The average score is 12 of 13

Answers on the Map

Answers color-coded by a green-red scale on the quiz's map according to % correct below.
 

Answer Stats

Држава% Correct
Мађарска
99%
Босна и Херцеговина
98%
Хрватска
97%
Аустрија
96%
Србија
96%
Словенија
95%
Румунија
94%
Словачка
94%
Чешка
93%
Италија
86%
Пољска
85%
Црна Гора
81%
Украјина
79%

Score Distribution

Percentile by Number Answered

Percent of People with Each Score

Your Score History

You have not taken this quiz